[Event "4NCL Division 1 & 2"]
[Site "Daventry, ENG"]
[Date "2022.03.26"]
[Round "5.111"]
[White "Kosten, Anthony C."]
[Black "Rocco, Federico"]
[Result "1-0"]
[WhiteElo "2367"]
[BlackElo "2230"]
[PlyCount "73"]
[EventDate "2022.03.26"]
[WhiteTeam "The ADs"]
[BlackTeam "Barnet Knights A"]

1. Nf3 Nf6 2. g3 b5 3. a4 b4 4. Bg2 Bb7 5. O-O e6 6. d3 d5 7. a5 c5 8. c3 Nc6
9. Qa4 Qd7 10. e4 d4 11. Bg5 Be7 12. e5 Nd5 13. a6 Bc8 14. Bxe7 Ndxe7 15. cxd4
cxd4 16. Nxd4 Qxd4 17. Bxc6+ Bd7 18. Bxd7+ Qxd7 19. Qxb4 Nc6 20. Qe4 Rb8 21.
Rc1 Nd4 22. Nd2 O-O 23. Rc4 Rfd8 24. Rac1 h6 25. Rc7 Qb5 26. Rb7 Qa5 27. b4 Qa3
28. Rcc7 Qxa6 29. Rxa7 Qb5 30. Rxf7 Nf5 31. Nc4 Rd4 32. Rxg7+ Kh8 33. Rh7+ Kg8
34. Qe2 Qe8 35. Nd6 Qg6 36. Nxf5 exf5 37. Qa2+ 1-0

[Event "4NCL Division 1 & 2"]
[Site "Daventry, ENG"]
[Date "2022.03.26"]
[Round "5.112"]
[White "Villiers, Thomas"]
[Black "Ahluwalia, Amardip"]
[Result "1-0"]
[WhiteElo "2297"]
[BlackElo "2252"]
[PlyCount "77"]
[EventDate "2022.03.26"]
[WhiteTeam "Barnet Knights A"]
[BlackTeam "The ADs"]

1. d4 Nf6 2. c4 g6 3. Nf3 Bg7 4. Nc3 d5 5. cxd5 Nxd5 6. Bd2 O-O 7. e4 Nxc3 8.
Bxc3 c5 9. d5 Nd7 10. Qc2 Rb8 11. Be2 b5 12. h4 Bxc3+ 13. bxc3 Nf6 14. h5 Nxh5
15. Ne5 Nf6 16. Nc6 Qc7 17. Nxb8 Qxb8 18. O-O Qe5 19. Rae1 Qxe4 20. Qxe4 Nxe4
21. Bxb5 f5 22. Re3 Nd6 23. Bc6 Rf7 24. Rb1 Kg7 25. Rb8 Kf6 26. f4 Rg7 27. Be8
Rg8 28. Bd7 Kf7 29. Be6+ Bxe6 30. dxe6+ Kg7 31. Rxg8+ Kxg8 32. c4 Nxc4 33. Rc3
Nd6 34. Rxc5 Kf8 35. a4 h6 36. a5 Nb7 37. Rc8+ Kg7 38. a6 Na5 39. Rc7 1-0

[Event "4NCL Division 1 & 2"]
[Site "Daventry, ENG"]
[Date "2022.03.26"]
[Round "5.113"]
[White "Richardson, John R"]
[Black "Brozel, Sacha"]
[Result "1-0"]
[WhiteElo "2272"]
[BlackElo "2288"]
[PlyCount "123"]
[EventDate "2022.03.26"]
[WhiteTeam "The ADs"]
[BlackTeam "Barnet Knights A"]

1. d4 Nf6 2. c4 e6 3. Nf3 Bb4+ 4. Nbd2 O-O 5. a3 Bxd2+ 6. Bxd2 d6 7. Qc2 Qe7 8.
Bc3 Nbd7 9. e3 b6 10. Be2 Bb7 11. b4 Ne4 12. Bb2 f5 13. O-O Ndf6 14. c5 Bd5 15.
cxd6 cxd6 16. Rac1 Qb7 17. h3 Rac8 18. Qa4 Rxc1 19. Rxc1 Rc8 20. Rc2 a5 21.
Rxc8+ Qxc8 22. bxa5 bxa5 23. Bd3 Qc7 24. Qc2 Qb7 25. Ne1 Nd7 26. f3 Nef6 27.
Bc3 Bb3 28. Qe2 Qa7 29. Bc4 Bxc4 30. Qxc4 Nd5 31. Bd2 a4 32. Qc6 Kf7 33. Qxd6
N7b6 34. Qc5 Qa6 35. Kf2 Nc4 36. Bc1 Nc3 37. Nd3 Nd1+ 38. Ke2 Ndb2 39. Nb4 Qb7
40. Bxb2 Nxb2 41. Kd2 Qb8 42. Qc2 Qg3 43. Kc3 Qe1+ 44. Kxb2 Qxe3 45. d5 Qe5+
46. Qc3 Qe2+ 47. Nc2 exd5 48. Qc7+ Kg6 49. Qd6+ Kh5 50. Qxd5 Qxg2 51. Qxf5+ Kh6
52. Qg4 Qf1 53. Qh4+ Kg6 54. Qe4+ Kh6 55. Qh4+ Kg6 56. Qxa4 h5 57. Qe4+ Kh6 58.
h4 Qb5+ 59. Nb4 Qb6 60. Qf4+ Kh7 61. a4 Qc5 62. Kb3 1-0

[Event "4NCL Division 1 & 2"]
[Site "Daventry, ENG"]
[Date "2022.03.26"]
[Round "5.114"]
[White "Smith, Andrew Philip"]
[Black "Baker, Chris W"]
[Result "0-1"]
[WhiteElo "2223"]
[BlackElo "2258"]
[PlyCount "76"]
[EventDate "2022.03.26"]
[WhiteTeam "Barnet Knights A"]
[BlackTeam "The ADs"]

1. e4 e5 2. d4 exd4 3. Qxd4 Nc6 4. Qe3 Nf6 5. Nc3 Bb4 6. Bd2 O-O 7. O-O-O Re8
8. Bc4 Na5 9. Be2 d5 10. Nxd5 Nxd5 11. Qd3 Qf6 12. exd5 Bf5 13. Qb5 Bxd2+ 14.
Rxd2 b6 15. Nf3 Re4 16. d6 a6 17. Qd5 c6 18. Qd3 Nc4 19. Qxc4 Rxc4 20. Bxc4 b5
21. Bd3 Bg4 22. Be4 Rd8 23. Bxc6 Rxd6 24. Rxd6 Qxd6 25. Rd1 Qc7 26. h3 Kf8 27.
Bd5 Bxf3 28. Bxf3 Qc5 29. Rd2 Qc4 30. b3 Qc3 31. Rd7 Ke8 32. Rb7 Qa1+ 33. Kd2
Qxa2 34. Bd5 Qa5+ 35. Kd3 Qe1 36. c4 Qxf2 37. Rxf7 Qg3+ 38. Kc2 b4 0-1

[Event "4NCL Division 1 & 2"]
[Site "Daventry, ENG"]
[Date "2022.03.26"]
[Round "5.115"]
[White "Snape, Ian L"]
[Black "Stoica, Savas Marin"]
[Result "1/2-1/2"]
[WhiteElo "2234"]
[BlackElo "2139"]
[PlyCount "83"]
[EventDate "2022.03.26"]
[WhiteTeam "The ADs"]
[BlackTeam "Barnet Knights A"]

1. c4 e5 2. Nc3 d6 3. g3 f5 4. Bg2 Nf6 5. d3 Be7 6. e3 O-O 7. Nge2 Qe8 8. Rb1
a5 9. a3 c6 10. b4 axb4 11. axb4 Na6 12. d4 e4 13. b5 Nc7 14. d5 cxd5 15. b6
Ne6 16. Nxd5 Nxd5 17. Qxd5 Kh8 18. Bb2 Qa4 19. Nc3 Qb4 20. O-O Bf6 21. Na2 Qc5
22. Bxf6 Rxf6 23. Nc3 Qxd5 24. Nxd5 Rf8 25. Ra1 Bd7 26. Ra7 Nc5 27. h4 Rxa7 28.
bxa7 Ra8 29. f3 exf3 30. Bxf3 Rxa7 31. Nb6 g6 32. Rd1 Bc6 33. Bxc6 bxc6 34.
Rxd6 Ra1+ 35. Kg2 Ra2+ 36. Kf1 Ne4 37. Rxc6 Nxg3+ 38. Kg1 Ne2+ 39. Kf1 Ng3+ 40.
Kg1 Ne2+ 41. Kf1 Ng3+ 42. Kg1 1/2-1/2

[Event "4NCL Division 1 & 2"]
[Site "Daventry, ENG"]
[Date "2022.03.26"]
[Round "5.116"]
[White "Pollack, Oscar"]
[Black "Duggan, John E"]
[Result "1/2-1/2"]
[WhiteElo "2144"]
[BlackElo "2150"]
[PlyCount "129"]
[EventDate "2022.03.26"]
[WhiteTeam "Barnet Knights A"]
[BlackTeam "The ADs"]

1. e4 e6 2. d4 b6 3. Nf3 Bb7 4. Bd3 c5 5. O-O d5 6. exd5 Bxd5 7. Nc3 c4 8. Nxd5
cxd3 9. Nc3 dxc2 10. Qxc2 Nf6 11. Bg5 Be7 12. Qa4+ Qd7 13. Nb5 O-O 14. Ne5 Qd8
15. Rfd1 Nd5 16. Bxe7 Qxe7 17. Nc3 Nxc3 18. bxc3 Rc8 19. c4 Qd6 20. Rac1 Nc6
21. Nf3 Ne7 22. Qb3 h6 23. h3 Rab8 24. Qe3 Rc7 25. c5 Qd5 26. Qf4 Rbc8 27. cxb6
Rxc1 28. Rxc1 Rxc1+ 29. Qxc1 axb6 30. Qc7 Ng6 31. a4 Qb3 32. Qc6 Qa3 33. h4 Qb4
34. g3 Kh7 35. Kg2 Qa5 36. Qd7 Kg8 37. Qe8+ Nf8 38. Ne5 Qd5+ 39. Kh2 Qb7 40.
Nc6 g6 41. Ne5 Kg7 42. Qb5 Qc7 43. Qb2 f6 44. Ng4 h5 45. Ne3 Qc6 46. Qb4 Kf7
47. Nc4 Nd7 48. Nd6+ Kg7 49. Nb5 Kf7 50. Qd2 Kg7 51. Qf4 e5 52. dxe5 Nxe5 53.
Nd4 Qd5 54. Ne2 Nf3+ 55. Kh3 Ng1+ 56. Kh2 Nxe2 57. Qc7+ Kh6 58. Qb8 Kg7 59.
Qc7+ Kf8 60. Qb8+ Ke7 61. Qc7+ Qd7 62. Qxb6 Nd4 63. a5 Qd5 64. a6 Nf3+ 65. Kh3
1/2-1/2

[Event "4NCL Division 1 & 2"]
[Site "Daventry, ENG"]
[Date "2022.03.26"]
[Round "5.117"]
[White "Hylands, Liam M"]
[Black "Ethelontis, Alexandros N"]
[Result "1-0"]
[WhiteElo "1991"]
[BlackElo "2107"]
[PlyCount "115"]
[EventDate "2022.03.26"]
[WhiteTeam "The ADs"]
[BlackTeam "Barnet Knights A"]

1. e4 e6 2. d4 d5 3. e5 c5 4. c3 Qb6 5. a3 Nc6 6. Nf3 c4 7. Nbd2 Na5 8. g3 Bd7
9. Bg2 Ne7 10. O-O Nf5 11. Re1 Be7 12. Nf1 O-O-O 13. Rb1 Rdg8 14. g4 Nh4 15.
Nxh4 Bxh4 16. Bf4 h6 17. Bg3 Be7 18. f4 g6 19. Ne3 h5 20. h3 hxg4 21. hxg4 Bh4
22. Qf3 Nb3 23. Re2 Bxg3 24. Qxg3 Qd8 25. g5 Rg7 26. Ng4 Rgh7 27. Kf2 Ba4 28.
Nh6 Na5 29. Rh1 Nc6 30. Bf3 Ne7 31. Bg4 Nf5 32. Bxf5 gxf5 33. Ke3 Qf8 34. Reh2
Qg7 35. Nxf7 Rxh2 36. Nd6+ Kc7 37. Rxh2 Kb6 38. Rh4 Bd1 39. Qh2 Rxh4 40. Qxh4
Qg6 41. Qh6 Qh5 42. Qxh5 Bxh5 43. Nc8+ Kc7 44. Nxa7 Be8 45. a4 Bxa4 46. g6 Be8
47. g7 Bf7 48. Nb5+ Kd7 49. Nd6 Bg8 50. Nxb7 Ke7 51. Nd6 Kd7 52. Kf3 Ke7 53.
Kg3 Kd7 54. Kh4 Kc6 55. Kg5 Kb6 56. Nc8+ Ka5 57. Ne7 Bh7 58. Kh6 1-0

[Event "4NCL Division 1 & 2"]
[Site "Daventry, ENG"]
[Date "2022.03.26"]
[Round "5.118"]
[White "Willmoth, Robert F"]
[Black "Agrawal, Shivam"]
[Result "1-0"]
[WhiteElo "2101"]
[BlackElo "1976"]
[PlyCount "135"]
[EventDate "2022.03.26"]
[WhiteTeam "Barnet Knights A"]
[BlackTeam "The ADs"]

1. d4 d5 2. Nf3 Nf6 3. Bg5 e6 4. e3 Be7 5. Bd3 b6 6. Nbd2 Bb7 7. Ne5 h6 8. Bxf6
Bxf6 9. Qh5 Bxe5 10. Qxe5 O-O 11. g4 Nd7 12. Qg3 e5 13. dxe5 Qe7 14. f4 Rae8
15. O-O-O f6 16. g5 fxg5 17. Bg6 Rd8 18. Nf3 c5 19. Rhg1 d4 20. Nxg5 Nxe5 21.
fxe5 Qxg5 22. Qxg5 hxg5 23. e6 Rd6 24. e7 Rxg6 25. exf8=Q+ Kxf8 26. exd4 cxd4
27. Rxd4 Ke7 28. Re1+ Re6 29. Rxe6+ Kxe6 30. Kd2 b5 31. Ke3 a5 32. Rd8 a4 33.
a3 g6 34. Rb8 Bc6 35. Rc8 Bd5 36. Rc5 Bc4 37. Rxg5 Kf6 38. Kf4 Be2 39. Rc5 Bf1
40. Rc6+ Kf7 41. Kg5 Bg2 42. Rxg6 Be4 43. Rb6 Bxc2 44. Rxb5 Kg7 45. Rb7+ Kh8
46. Ra7 Kg8 47. Kf6 Kh8 48. Ke5 Bb3 49. Kd4 Kg8 50. Kc3 Kf8 51. Kb4 Kg8 52.
Rxa4 Bxa4 53. Kxa4 Kh7 54. Kb5 Kh6 55. a4 Kh5 56. a5 Kh4 57. a6 Kh3 58. a7 Kxh2
59. a8=Q Kg3 60. Qe4 Kf2 61. Qd3 Kg2 62. Qe3 Kh2 63. Qf3 Kg1 64. Qe2 Kh1 65.
Kc4 Kg1 66. Kd3 Kh1 67. Ke3 Kg1 68. Kf3 1-0

[Event "4NCL Division 1 & 2"]
[Site "Daventry, ENG"]
[Date "2022.03.26"]
[Round "5.121"]
[White "Martin, Lewis"]
[Black "Bin-Suhayl, Ieysaa"]
[Result "1/2-1/2"]
[WhiteElo "2261"]
[BlackElo "2297"]
[PlyCount "107"]
[EventDate "2022.03.26"]
[WhiteTeam "Check Inn"]
[BlackTeam "Manchester Manticores 1"]

1. e4 e5 2. Nf3 Nc6 3. Bb5 a6 4. Ba4 Nf6 5. O-O Be7 6. Re1 b5 7. Bb3 d6 8. c3
Na5 9. Bc2 c5 10. d4 Qc7 11. h3 O-O 12. Nbd2 cxd4 13. cxd4 Nc6 14. d5 Nb4 15.
Bb1 a5 16. Nf1 Nd7 17. Ng3 Nc5 18. a3 Nba6 19. b4 Na4 20. bxa5 Qxa5 21. Bd2 Qb6
22. Qe2 Bd7 23. Nf5 Bxf5 24. exf5 Bf6 25. Ng5 N6c5 26. Qh5 h6 27. Ne4 Nxe4 28.
Rxe4 Nc5 29. Rg4 Ra4 30. Bxh6 Rxg4 31. Qxg4 Nd7 32. Be3 Qa5 33. Qb4 Ra8 34. Bd2
Qb6 35. Bc2 Qc5 36. Qb3 Rc8 37. Ra2 Qc4 38. Qxc4 Rxc4 39. Bb3 Rd4 40. Be3 Rd3
41. Rb2 Nc5 42. Bc2 Rc3 43. Bb1 Na4 44. Rxb5 Rxa3 45. Rb8+ Kh7 46. g4 Nc3 47.
g5 Bxg5 48. Bxg5 Ra1 49. Be7 Nxb1 50. Bxd6 Nc3+ 51. Kh2 Nxd5 52. Bxe5 Ra2 53.
Kg3 Ne7 54. f6 1/2-1/2

[Event "4NCL Division 1 & 2"]
[Site "Daventry, ENG"]
[Date "2022.03.26"]
[Round "5.122"]
[White "Mulleady, Peter J"]
[Black "Onslow, Alfie"]
[Result "0-1"]
[WhiteElo "1994"]
[BlackElo "2263"]
[PlyCount "96"]
[EventDate "2022.03.26"]
[WhiteTeam "Manchester Manticores 1"]
[BlackTeam "Check Inn"]

1. e4 c6 2. d4 d5 3. exd5 cxd5 4. Nf3 Nc6 5. Bb5 Nf6 6. O-O Bg4 7. c3 e6 8. Re1
Bd6 9. Nbd2 O-O 10. Qa4 Ne7 11. Ne5 Bf5 12. Nf1 a6 13. Be2 h6 14. Qd1 Qc7 15.
Bd3 b5 16. a3 Rab8 17. h3 Ne4 18. Ng4 Ng6 19. Nfe3 Ne7 20. Nxf5 exf5 21. Qf3 a5
22. Ne3 g6 23. Nc2 Kg7 24. h4 Ng8 25. g4 fxg4 26. Qxg4 f5 27. Qg2 Ngf6 28. Ne3
Kh7 29. Bxe4 dxe4 30. Nf1 f4 31. Qh3 Rbe8 32. Bd2 a4 33. Rad1 Nd5 34. Bc1 Qf7
35. f3 e3 36. Re2 Qf5 37. Kg2 Qxh3+ 38. Kxh3 Rf5 39. Rde1 Rh5 40. Nxe3 fxe3 41.
Bxe3 g5 42. Bf2 Rxe2 43. Rxe2 Nf4+ 44. Kg4 Rxh4+ 45. Bxh4 Nxe2 46. Bf2 Kg6 47.
Be3 h5+ 48. Kh3 Nf4+ 0-1

[Event "4NCL Division 1 & 2"]
[Site "Daventry, ENG"]
[Date "2022.03.26"]
[Round "5.123"]
[White "Ogunshola, Ben"]
[Black "Hilton, Tim"]
[Result "1-0"]
[WhiteElo "2219"]
[BlackElo "2030"]
[PlyCount "53"]
[EventDate "2022.03.26"]
[WhiteTeam "Check Inn"]
[BlackTeam "Manchester Manticores 1"]

1. c4 f5 2. Nc3 Nf6 3. g3 d6 4. Bg2 e5 5. d4 Be7 6. Bg5 c6 7. e3 O-O 8. Nge2
Be6 9. d5 Bf7 10. Bxf6 Bxf6 11. O-O Qd7 12. e4 Bg6 13. Bh3 Na6 14. dxc6 bxc6
15. exf5 Bxf5 16. Bxf5 Qxf5 17. Qxd6 Rac8 18. Qa3 Nc7 19. Qxa7 Ne6 20. Qe3 Ng5
21. f3 Be7 22. Kg2 Qh3+ 23. Kh1 Qf5 24. f4 exf4 25. Rxf4 Qd7 26. Rd1 Qb7 27. h4
1-0

[Event "4NCL Division 1 & 2"]
[Site "Daventry, ENG"]
[Date "2022.03.26"]
[Round "5.125"]
[White "Rabbitt, Michael"]
[Black "Pelling, Kyle"]
[Result "1/2-1/2"]
[WhiteElo "2001"]
[BlackElo "1916"]
[PlyCount "104"]
[EventDate "2022.03.26"]
[WhiteTeam "Check Inn"]
[BlackTeam "Manchester Manticores 1"]

1. e4 c6 2. d4 d5 3. Nc3 dxe4 4. Nxe4 Bf5 5. Ng3 Bg6 6. Nf3 Nd7 7. h4 h6 8. h5
Bh7 9. Bd3 Bxd3 10. Qxd3 e6 11. Bd2 Ngf6 12. O-O-O Bd6 13. Rde1 O-O 14. Ne5 c5
15. Nxf7 Rxf7 16. Rxe6 Nf8 17. Ree1 Bxg3 18. Qxg3 Qxd4 19. Bxh6 Ne4 20. Qh4
gxh6 21. Rxe4 Qxf2 22. Rg4+ Kh7 23. Qh2 Rd8 24. b3 Qf6 25. Kb1 Rfd7 26. Qg1 Qe5
27. Qc1 Qe2 28. Qf4 Qe6 29. Rg3 Rf7 30. Qc1 Rd4 31. Re3 Qd6 32. Qe1 Rd7 33. Qf2
c4 34. Rf1 Rd1+ 35. Rxd1 Qxd1+ 36. Kb2 Qd4+ 37. Kb1 Qd1+ 38. Kb2 Qd4+ 39. Kb1
Qc5 40. Qe2 Rd1+ 41. Qxd1 Qxe3 42. Qd5 Qe1+ 43. Kb2 c3+ 44. Ka3 Qe7+ 45. b4 Qg7
46. Qe4+ Kh8 47. Kb3 Nd7 48. a4 Nf6 49. Qe5 Ng4 50. Qe4 Nf6 51. Qe5 Ng4 52. Qe4
Nf6 1/2-1/2

[Event "4NCL Division 1 & 2"]
[Site "Daventry, ENG"]
[Date "2022.03.26"]
[Round "5.126"]
[White "Tyton, Adam"]
[Black "Onslow, Teddy"]
[Result "0-1"]
[WhiteElo "1891"]
[BlackElo "1981"]
[PlyCount "86"]
[EventDate "2022.03.26"]
[WhiteTeam "Manchester Manticores 1"]
[BlackTeam "Check Inn"]

1. e4 c5 2. Nf3 Nc6 3. Bb5 g6 4. O-O Bg7 5. Nc3 e5 6. d3 Nge7 7. Bg5 h6 8. Bh4
g5 9. Bg3 Ng6 10. Nd2 h5 11. f3 d6 12. Nd5 a6 13. Bxc6+ bxc6 14. Ne3 h4 15. Bf2
Rb8 16. Rb1 Be6 17. b3 Qd7 18. Ndc4 d5 19. Nb2 d4 20. Nec4 Nf4 21. Be1 f6 22.
Na4 Bf8 23. Ba5 g4 24. Qd2 Rg8 25. fxg4 Rxg4 26. Rxf4 Rxf4 27. Bb6 Qg7 28. Rf1
Rxf1+ 29. Kxf1 h3 30. g3 Qg4 31. Kf2 Qh5 32. Bxc5 Bh6 33. Nd6+ Kd7 34. Qa5 Qd1
35. Nf5 Bxf5 36. Bxd4 Qxc2+ 37. Ke1 Qc1+ 38. Kf2 Qc2+ 39. Ke1 Qb1+ 40. Kf2 Qc2+
41. Ke1 Bf8 42. Bc3 Bg4 43. Bd2 Qd1+ 0-1

[Event "4NCL Division 1 & 2"]
[Site "Daventry, ENG"]
[Date "2022.03.26"]
[Round "5.127"]
[White "Fernando, Manel"]
[Black "Kay, Lee P"]
[Result "0-1"]
[WhiteElo "1594"]
[BlackElo "1949"]
[PlyCount "82"]
[EventDate "2022.03.26"]
[WhiteTeam "Check Inn"]
[BlackTeam "Manchester Manticores 1"]

1. d4 d6 2. Nf3 f5 3. Bf4 Nf6 4. e3 g6 5. Nbd2 Bg7 6. Bd3 O-O 7. h3 Nc6 8. c3
Qe8 9. Bc2 e5 10. dxe5 dxe5 11. Bb3+ Kh8 12. Bh2 e4 13. Nd4 Ne5 14. O-O a6 15.
Bxe5 Qxe5 16. Qe2 c5 17. f4 Qe7 18. Nc2 b5 19. c4 Nh5 20. Qf2 Bxb2 21. Rab1 Bc3
22. Rfd1 b4 23. Nf1 Be6 24. a3 a5 25. axb4 a4 26. bxc5 axb3 27. Rxb3 Bg7 28. c6
Rab8 29. Rxb8 Rxb8 30. Nd4 Bxc4 31. g4 fxg4 32. hxg4 Nf6 33. Qg3 Nd5 34. f5 Be5
35. Qh3 Bxf1 36. Rxf1 Rb2 37. Rf2 Rxf2 38. Kxf2 Bxd4 39. exd4 e3+ 40. Ke1 Qb4+
41. Kf1 e2+ 0-1

[Event "4NCL Division 1 & 2"]
[Site "Daventry, ENG"]
[Date "2022.03.26"]
[Round "5.131"]
[White "Pein, Malcolm"]
[Black "Stepanyan, Henrik"]
[Result "1/2-1/2"]
[WhiteElo "2308"]
[BlackElo "2196"]
[PlyCount "89"]
[EventDate "2022.03.26"]
[WhiteTeam "Celtic Tigers 1"]
[BlackTeam "Warwickshire Select 1"]

1. d4 d5 2. c4 e6 3. Nc3 c5 4. cxd5 exd5 5. Nf3 Nc6 6. dxc5 d4 7. Na4 Bxc5 8.
Nxc5 Qa5+ 9. Qd2 Qxc5 10. a3 Be6 11. b4 Qc3 12. Bb2 Qxd2+ 13. Kxd2 Rd8 14. Ke1
Nf6 15. b5 Na5 16. Nxd4 Nc4 17. Nxe6 fxe6 18. Bxf6 gxf6 19. e3 Ne5 20. f4 Ng4
21. Ke2 f5 22. g3 Rc8 23. h3 Nf6 24. Rg1 Ke7 25. Bg2 Rc2+ 26. Kd1 Rb2 27. Kc1
Rxb5 28. Rb1 Rc5+ 29. Kd2 b6 30. Rbc1 Rhc8 31. Rxc5 Rxc5 32. Bf3 h5 33. Re1 Rc8
34. e4 fxe4 35. Bxe4 Nxe4+ 36. Rxe4 Rg8 37. Re3 Kf6 38. Kc3 Rd8 39. Re5 Rg8 40.
Re3 Rd8 41. Re5 Rg8 42. Re3 Rd8 43. g4 hxg4 44. hxg4 Rg8 45. Rg3 1/2-1/2

[Event "4NCL Division 1 & 2"]
[Site "Daventry, ENG"]
[Date "2022.03.26"]
[Round "5.132"]
[White "Brooks, Phil J"]
[Black "Montilli, Vincenzo"]
[Result "0-1"]
[WhiteElo "2163"]
[BlackElo "2253"]
[PlyCount "144"]
[EventDate "2022.03.26"]
[WhiteTeam "Warwickshire Select 1"]
[BlackTeam "Celtic Tigers 1"]

1. d4 Nf6 2. c4 e6 3. Nf3 d5 4. e3 a6 5. Nc3 c5 6. cxd5 exd5 7. Be2 Nc6 8. O-O
Bd6 9. dxc5 Bxc5 10. a3 O-O 11. b4 Bd6 12. Bb2 Be6 13. Qd3 Re8 14. Rfd1 Qe7 15.
Rac1 Rad8 16. Qb1 a5 17. b5 Ne5 18. Nxe5 Bxe5 19. Bf3 g5 20. g3 h6 21. Ne2 Bg4
22. Bxg4 Nxg4 23. Bxe5 Nxe5 24. a4 Qf6 25. Nd4 Nc4 26. Qf5 Qb6 27. Ra1 Re5 28.
Qh3 Qf6 29. Ra2 Rde8 30. Qd7 R8e7 31. Qc8+ Kh7 32. Qh3 Qg6 33. Qf1 Kg7 34. Qd3
Qf6 35. Qc2 Qg6 36. Qd3 h5 37. Qxg6+ Kxg6 38. Nf3 Rf5 39. Nd4 Rf6 40. Kg2 Rxe3
41. Ne2 Re5 42. Nc3 Rd6 43. Rd4 Kg7 44. Ra1 g4 45. Rad1 Nb6 46. R1d2 Rd7 47. h3
Rg5 48. Kh2 Kf8 49. Kg2 Ke7 50. Kh2 Ke6 51. Ne2 Rc7 52. hxg4 hxg4 53. Nf4+ Kd6
54. Ng2 Rc4 55. Ne3 Rxd4 56. Rxd4 f5 57. Kg2 Ke5 58. Rd1 Rg8 59. Re1 Kf6 60.
Nc2 Rc8 61. Nd4 Nxa4 62. Re6+ Kf7 63. Rd6 Nc3 64. Rd7+ Kf6 65. Rxb7 a4 66. Rb6+
Ke5 67. Nc6+ Ke4 68. Ne7 Rc5 69. Re6+ Kd3 70. b6 Rb5 71. Nxf5 a3 72. Re3+ Kd2
0-1

[Event "4NCL Division 1 & 2"]
[Site "Daventry, ENG"]
[Date "2022.03.26"]
[Round "5.134"]
[White "Kemp, Peter D"]
[Black "Paterson, Andrew I"]
[Result "0-1"]
[WhiteElo "2118"]
[BlackElo "2158"]
[PlyCount "52"]
[EventDate "2022.03.26"]
[WhiteTeam "Celtic Tigers 1"]
[BlackTeam "Warwickshire Select 1"]

1. c4 e5 2. Nc3 Nc6 3. g3 f5 4. Bg2 Nf6 5. e3 Bb4 6. Nge2 O-O 7. O-O d6 8. b3
Ne7 9. Bb2 c6 10. d4 e4 11. d5 Ng4 12. Nxe4 fxe4 13. Bxe4 Qe8 14. h3 Nf6 15.
Bg2 Bc5 16. Nf4 Ng6 17. Nd3 Bb6 18. Rc1 cxd5 19. cxd5 Bf5 20. Nb4 Be4 21. Bxe4
Nxe4 22. Bd4 Ne5 23. Bxb6 Nf3+ 24. Kg2 axb6 25. Qd3 Qg6 26. Rc7 Nfd2 0-1

[Event "4NCL Division 1 & 2"]
[Site "Daventry, ENG"]
[Date "2022.03.26"]
[Round "5.135"]
[White "Mason, Donald J"]
[Black "Walker, Martin G"]
[Result "1-0"]
[WhiteElo "2137"]
[BlackElo "2269"]
[PlyCount "58"]
[EventDate "2022.03.26"]
[WhiteTeam "Warwickshire Select 1"]
[BlackTeam "Anglian Avengers"]

1. e4 Nf6 2. e5 Nd5 3. d4 d6 4. Nf3 dxe5 5. c4 Nb6 6. Nxe5 e6 7. Nc3 Be7 8. Be3
O-O 9. Bd3 N8d7 10. Qc2 f5 11. O-O-O Nxe5 12. dxe5 Nd7 13. f4 g5 14. g4 gxf4
15. gxf5 fxe3 16. fxe6 Bg5 17. Kb1 h6 18. h4 Bf4 19. Qg2+ Kh8 20. Qe4 Qe7 21.
Nd5 Qg7 22. e7 Re8 23. Nxf4 Nc5 24. Qxe3 Nxd3 25. Qxd3 Qg4 26. Ng6+ Kg7 27.
Rhg1 Qf5 28. Nf4+ Kh8 29. Ka1 Qxd3 1-0

[Event "4NCL Division 1 & 2"]
[Site "Daventry, ENG"]
[Date "2022.03.26"]
[Round "5.136"]
[White "Lewis, Andrew P"]
[Black "Fallowfield, Jeremy R"]
[Result "1-0"]
[WhiteElo "2237"]
[BlackElo "2168"]
[PlyCount "51"]
[EventDate "2022.03.26"]
[WhiteTeam "Anglian Avengers"]
[BlackTeam "Warwickshire Select 1"]

1. c4 Nf6 2. Nc3 g6 3. e4 d6 4. d4 Bg7 5. Nf3 O-O 6. h3 e5 7. d5 a5 8. Be3 Na6
9. g4 Nd7 10. a3 Nb6 11. Rg1 Kh8 12. h4 f5 13. gxf5 gxf5 14. Ng5 Qf6 15. exf5
Bxf5 16. Nce4 Qe7 17. Bd3 Nd7 18. Qc2 h6 19. O-O-O Bxe4 20. Nxe4 Nac5 21. Rg6
Nxe4 22. Bxe4 Rf4 23. Rdg1 Rg8 24. R6g2 Qxh4 25. Bxf4 exf4 26. Bh7 1-0

[Event "4NCL Division 1 & 2"]
[Site "Daventry, ENG"]
[Date "2022.03.26"]
[Round "5.137"]
[White "James, Russell A"]
[Black "Peck, Silas"]
[Result "1-0"]
[WhiteElo "2134"]
[BlackElo "2084"]
[PlyCount "65"]
[EventDate "2022.03.26"]
[WhiteTeam "Warwickshire Select 1"]
[BlackTeam "Anglian Avengers"]

1. e4 e5 2. Nf3 Nc6 3. Nc3 Nf6 4. Bb5 Nd4 5. O-O Nxb5 6. Nxb5 c6 7. Nc3 d6 8.
d4 Qc7 9. h3 h6 10. a4 a5 11. b3 Be7 12. Bb2 O-O 13. Re1 Re8 14. Re3 Nd7 15.
Ne2 Bf6 16. Ng3 exd4 17. Bxd4 d5 18. Bxf6 Nxf6 19. e5 Nd7 20. Qe1 Nf8 21. Rd1
Be6 22. Nd4 Ng6 23. Nh5 Ne7 24. Rg3 Ng6 25. f4 Qc8 26. Qc3 Kh7 27. Qd3 c5 28.
f5 Nxe5 29. Rxg7+ Kh8 30. Qe3 Ng4 31. hxg4 Bxf5 32. Qxh6+ Bh7 33. Qxh7# 1-0

[Event "4NCL Division 1 & 2"]
[Site "Daventry, ENG"]
[Date "2022.03.26"]
[Round "5.138"]
[White "Shearsby, Jude"]
[Black "Sharma, Rishan"]
[Result "1-0"]
[WhiteElo "2041"]
[BlackElo "1340"]
[PlyCount "57"]
[EventDate "2022.03.26"]
[WhiteTeam "Warwickshire Select 1"]
[BlackTeam "Anglian Avengers"]

1. e4 c5 2. Nf3 e6 3. d3 d5 4. Qe2 d4 5. g3 Nc6 6. Bg2 Bd6 7. O-O Nge7 8. Nbd2
O-O 9. Nc4 e5 10. Nfd2 b5 11. Nxd6 Qxd6 12. f4 Nb4 13. fxe5 Qxe5 14. a3 Nbc6
15. Nf3 Qc7 16. Bf4 Qb6 17. Kh1 h6 18. Rf2 Re8 19. Raf1 Bg4 20. h3 Bh5 21. g4
Bg6 22. Nh4 f6 23. Qd2 h5 24. Qd1 hxg4 25. Qxg4 Kf7 26. e5 f5 27. Qg5 Bh7 28.
Bf3 Kg8 29. Rg1 1-0

[Event "4NCL Division 1 & 2"]
[Site "Daventry, ENG"]
[Date "2022.03.26"]
[Round "5.139"]
[White "Kanellopoulos, Panayotis"]
[Black "Gallana, Marco"]
[Result "1/2-1/2"]
[WhiteElo "2266"]
[BlackElo "2274"]
[PlyCount "194"]
[EventDate "2022.03.26"]
[WhiteTeam "Anglian Avengers"]
[BlackTeam "Celtic Tigers 1"]

1. c4 Nf6 2. g3 c6 3. Bg2 d5 4. Nf3 g6 5. b3 Bg7 6. Bb2 O-O 7. O-O a5 8. d3 a4
9. Nbd2 b5 10. cxb5 cxb5 11. b4 Nc6 12. Nd4 Nxb4 13. Ba3 Qb6 14. N2f3 Na6 15.
Rb1 Bd7 16. Bxe7 Rfe8 17. Ba3 Qa5 18. Re1 Rec8 19. e4 dxe4 20. dxe4 b4 21. Qd2
Rab8 22. e5 Nd5 23. Bb2 Nc3 24. Ra1 Nc5 25. a3 N3e4 26. Qd1 Rd8 27. axb4 Qxb4
28. Ba3 Qa5 29. Qc2 Nc3 30. Rac1 N5e4 31. Rxe4 Nxe4 32. Qxe4 Rbc8 33. Re1 Re8
34. Qf4 Qc3 35. Qe3 Qxe3 36. Rxe3 Bg4 37. Bf1 Bh6 38. Re4 Bxf3 39. Nxf3 Rc3 40.
Rxa4 Rxf3 41. Bc4 Bf8 42. Bxf8 Kxf8 43. Ra5 Rc3 44. Ba2 Rc2 45. Kf1 Re7 46. h4
Rb7 47. e6 fxe6 48. Ra3 Rf7 49. Bxe6 Rcxf2+ 50. Kg1 Rf1+ 51. Kg2 R7f2+ 52. Kh3
h5 53. Bd5 Kg7 54. Ra2 Rxa2 55. Bxa2 Rd1 56. Bc4 Rd2 57. Bb5 Rb2 58. Bc6 Kf6
59. Be4 Rb6 60. Kh2 Ke5 61. Bf3 Kd4 62. Kg2 Ke3 63. Bd5 Rb2+ 64. Kg1 Rd2 65.
Bc6 Rf2 66. Bd5 Rf5 67. Bc6 Rf6 68. Bb7 Rb6 69. Bd5 Rb2 70. Bc6 Rd2 71. Bb7 Kd4
72. Bc6 Ke5 73. Bf3 Kf5 74. Kf1 Ke5 75. Bc6 Kd4 76. Kg1 Ke3 77. Bb7 Rd4 78. Kg2
g5 79. hxg5 Rg4 80. Kh3 Kf2 81. Bc6 Rxg5 82. Kh4 Rxg3 83. Kxh5 Ke3 84. Kh6 Kf4
85. Kh7 Kf5 86. Bd5 Kf6 87. Kh8 Rg4 88. Bg8 Ke7 89. Bb3 Kf8 90. Bc2 Rg3 91. Be4
Rg4 92. Bh7 Rd4 93. Bc2 Kf7 94. Bb3+ Kg6 95. Bc2+ Kh6 96. Bb3 Rd8+ 97. Bg8 Rf8
1/2-1/2